Dual structure reconsidered: Structural analysis of firms in Japan's manufacturing

Na minha lista:
Detalhes bibliográficos
Autor principal: Nakamura, Toru
Formato: Livro
Idioma:Undetermined
Publicado em: Claremont 1976
Assuntos:
Tags: Adicionar Tag
Sem tags, seja o primeiro a adicionar uma tag!
Thư viện lưu trữ: Trung tâm Học liệu Trường Đại học Cần Thơ
LEADER 00539nam a2200181Ia 4500
001 CTU_99318
008 210402s9999 xx 000 0 und d
082 |a 658 
082 |b N159 
100 |a Nakamura, Toru 
245 0 |a Dual structure reconsidered: Structural analysis of firms in Japan's manufacturing 
245 0 |c Toru Nakamura 
260 |a Claremont 
260 |c 1976 
650 |a Manufactures,Manufacturing processes 
650 |z Japan,Japan 
904 |i Tuyến 
980 |a Trung tâm Học liệu Trường Đại học Cần Thơ